000 00575nas a2200193Ia 4500
022 _a0888-8590
040 _cOHI
082 0 4 _a320 CQP 1997 A107 Or.
245 0 0 _aState and local government.
260 _aWashington, D.C. :
_bCQ Press ,
_cc1999-
300 _av. :
_bill. ;
_c24 cm.
500 _aVols. for 199-2000- Edited by Thad L. Beyle.
500 _a"Copyright by Congressional Quarterly, Inc."--T.p. verso.
650 0 _aState governments
650 0 _aLocal government
700 1 _aBeyle, Thad L.,
710 2 _aCongressional Quarterly, inc.
942 _cEK
999 _c16695
_d16695